000 00803nmm a2200253 a 4500
001 ocm000703133
003 TR-IsHL
005 20201028125615.0
008 110704s1972 tu tur
007 cr cn
035 _a703133
_b(N$T)
050 0 4 _aKKX640
_b.A35 1972
090 0 4 _aKKX640
_b.A35 1972
100 1 _aAkipek, Jale G.
245 1 0 _aTürk eşya hukuku: (ayni haklar) 1. kısım, zilyetlik ve tapu sicili
_h[electronic resource] /
_cJale G. Akipek
260 _aAnkara :
_bSevinç Matbaası,
_c1972
300 _a518 p.
650 4 _aHukuk
650 4 _aLaw
650 0 _aEşya hukuku
_x Türkiye
650 0 _aProperty law
_x Turkey
650 7 _aLAW / Property
_2bisacsh
856 4 0 _uhttp://search.ebscohost.com/login.aspx?direct=true&scope=site&db=e011xww&AN=703133
999 _c3570
_d3570